Comunidad sorda en disputa : (Registro nro. 173636)

Detalles MARC
000 -LEADER
fixed length control field 01137nam a22003131i 4500
001 - CONTROL NUMBER
control field bslw10111094
006 - FIXED-LENGTH DATA ELEMENTS--ADDITIONAL MATERIAL CHARACTERISTICS--GENERAL INFORMATION
fixed length control field m o d
007 - PHYSICAL DESCRIPTION FIXED FIELD--GENERAL INFORMATION
fixed length control field cr un ---uuuua
008 - FIXED-LENGTH DATA ELEMENTS--GENERAL INFORMATION
fixed length control field 231218s2021 ck ob 000 0 spa d
020 ## - INTERNATIONAL STANDARD BOOK NUMBER
International Standard Book Number 9789587913545
035 ## -
-- 42148
040 ## - CATALOGING SOURCE
Original cataloging agency UtOrBLW
Language of cataloging eng
Description conventions rda
Transcribing agency UtOrBLW
050 #4 -
-- HM758
-- .H69 2021
082 04 -
-- 307
-- 23
100 1# - MAIN ENTRY--PERSONAL NAME
Personal name Hoyos Rojas, Luis Miguel,
Relator term author.
245 10 - TITLE STATEMENT
Title Comunidad sorda en disputa :
Remainder of title vindicación de una teoría y tradición política de la modernidad /
Statement of responsibility, etc Luis Miguiel Hoyos Rojas; prólogo de Angelino Garzón exvicepresidente de al República de Colombia.
264 #1 -
-- Bogotá D.C. :
-- Grups Editorial Ibañez,
-- 2021.
300 ## - PHYSICAL DESCRIPTION
Extent 1 online resource (163 pages)
336 ## -
-- text
-- txt
-- rdacontent
337 ## -
-- computer
-- c
-- rdamedia
338 ## -
-- online resource
-- cr
-- rdacarrier
504 ## - BIBLIOGRAPHY, ETC. NOTE
Bibliography, etc Includes bibliographical references.
650 #0 - SUBJECT ADDED ENTRY--TOPICAL TERM
Topical term or geographic name as entry element Communitarianism.
650 #0 - SUBJECT ADDED ENTRY--TOPICAL TERM
Topical term or geographic name as entry element Cultural pluralism.
700 1# - ADDED ENTRY--PERSONAL NAME
Personal name Garzón, Angelino,
Dates associated with a name 1946-
Relator term writer of preface.
856 40 - LOCALIZACIÓN Y ACCESO ELECTRÓNICO
Identificador Uniforme del Recurso (URI/URL) https://app.vlex.com/#/sources/42148
942 ## -
-- RAA
999 ## -
-- 173636
-- 173636

No hay ítems disponibles.


CONTACTO


NOSOTROS


SITIOS DE INTERES

coordinacion.biblioteca.biblioteca@unienlinea.mx Misión, Visión y Objetivos Bases de datos
Directorio Bibliotecas Digitales y Repositorios
Normatividad Revistas y artículos
Convenios interbibliotecarios
Boletines



Hecho en México. Universidad Insurgentes (UIN). Todos los derechos reservados 2024. Esta página y sus contenidos pueden ser reproducidos con fines no lucrativos, siempre y cuando no se mutile, se cite la fuente completa y su dirección electrónicas. De otra forma requiere permiso previo por escrito de la institución




2024 Copyright Universidad Insurgentes | www.bibliouin.com.mx